[Event "Kieler Open 2016-B"]
[Site "Kiel"]
[Date "2016.08.01"]
[Round "5.9"]
[White "Koch, Ralf-Johannes"]
[Black "Behrendt, Matthias"]
[Result "1-0"]
[WhiteElo "1749"]
[BlackElo "1638"]
[PlyCount "73"]

1. e4 c5 2. Nc3 e6 3. f4 Nc6 4. Nf3 a6 5. a4 b6 6. g3 Bb7 7. Bg2 Be7 8. O-O Qc7
9. d3 d6 10. f5 Nf6 11. fxe6 fxe6 12. Ng5 Qd7 13. Bh3 Nd8 14. Ne2 h6 15. Nxe6
Nxe6 16. Nf4 Qc6 17. Nxe6 g6 18. Bg2 g5 19. Ng7+ Kf7 20. Nf5 Rae8 21. Nxe7 Kxe7
22. Rxf6 Kxf6 23. e5+ Rxe5 24. Bxc6 Bxc6 25. Bd2 d5 26. Qh5 Be8 27. Rf1+ Ke6
28. Qg4+ Kd6 29. d4 Re4 30. dxc5+ bxc5 31. Rf6+ Kc7 32. Ba5+ Kb8 33. Rb6+ Ka7
34. Qc8 Re1+ 35. Bxe1 Kxb6 36. Qd8+ Kb7 37. Ba5 1-0

[Event "Kieler Open 2016-B"]
[Site "Kiel"]
[Date "2016.08.01"]
[Round "5.10"]
[White "Farokhi, Keyvan"]
[Black "Madelmayer, Maik"]
[Result "1-0"]
[WhiteElo "1575"]
[BlackElo "1652"]
[PlyCount "53"]

1. e4 c5 2. Nf3 Nc6 3. d4 cxd4 4. Nxd4 Nxd4 5. Qxd4 d6 6. Nc3 a6 7. Bc4 e6 8.
O-O b5 9. Bb3 Bb7 10. a4 Nf6 11. axb5 axb5 12. Rxa8 Bxa8 13. f3 Bc6 14. Bg5 Be7
15. Rd1 d5 16. exd5 exd5 17. Bxf6 gxf6 18. Bxd5 Bxd5 19. Qxd5 Qb6+ 20. Kh1 O-O
21. Qxb5 Qxb5 22. Nxb5 Rc8 23. Nd4 Bd8 24. b4 Kg7 25. g4 Kg6 26. h4 h5 27. Nf5
1-0

[Event "Kieler Open 2016-B"]
[Site "Kiel"]
[Date "2016.08.01"]
[Round "5.11"]
[White "Hartendauer, Frank"]
[Black "Bahr, Arne"]
[Result "0-1"]
[WhiteElo "1710"]
[BlackElo "1695"]
[PlyCount "56"]

1. d4 g6 2. c4 Bg7 3. Nc3 d6 4. e4 e5 5. d5 Ne7 6. Be2 O-O 7. Nf3 Nd7 8. Be3 f5
9. exf5 gxf5 10. Qc2 Nf6 11. O-O-O f4 12. Bd2 Bf5 13. Qb3 Ng4 14. Be1 Ng6 15.
h3 Nh6 16. g4 fxg3 17. fxg3 e4 18. Nd4 Qg5+ 19. Bd2 Qxg3 20. Nxf5 Nxf5 21. Nxe4
Qxb3 22. axb3 Rae8 23. Bd3 Nd4 24. b4 Ne5 25. Bb1 Ne2+ 26. Kc2 Nxc4 27. Nc3
Nd4+ 28. Kd3 Nxb2# 0-1

[Event "Kieler Open 2016-B"]
[Site "Kiel"]
[Date "2016.08.01"]
[Round "5.12"]
[White "Teichmann, Axel"]
[Black "Hoppe, Marc"]
[Result "1/2-1/2"]
[WhiteElo "1823"]
[BlackElo "1381"]
[PlyCount "80"]

1. e4 e5 2. Nf3 Nc6 3. d4 exd4 4. Nxd4 Nxd4 5. Qxd4 Nf6 6. c3 b6 7. Bg5 Bc5 8.
Bxf6 gxf6 9. Qd5 c6 10. Qh5 Bb7 11. Nd2 Qe7 12. b4 Bd6 13. Bd3 Qe5 14. Qxe5+
fxe5 15. Nc4 Bc7 16. Ne3 d5 17. exd5 cxd5 18. Bb5+ Ke7 19. O-O-O Rad8 20. Rhe1
a6 21. Ba4 Kf6 22. Bb3 d4 23. cxd4 exd4 24. Ng4+ Kg6 25. f3 Bf4+ 26. Kb2 h5 27.
Ne5+ Bxe5 28. Rxe5 Rhe8 29. Rxe8 Rxe8 30. Rxd4 Re2+ 31. Bc2+ Kg7 32. Rh4 Rxg2
33. Rxh5 Bxf3 34. Rh4 f5 35. Kc3 Bg4 36. a4 a5 37. bxa5 bxa5 38. Bd3 Ra2 39.
Kb3 Rg2 40. Bc2 Re2 1/2-1/2

[Event "Kieler Open 2016-B"]
[Site "Kiel"]
[Date "2016.08.01"]
[Round "5.14"]
[White "Hogreve, Holger"]
[Black "Spreu, Jörg"]
[Result "1-0"]
[WhiteElo "1501"]
[BlackElo "1420"]
[PlyCount "77"]

1. Nf3 Nf6 2. d4 e6 3. Bf4 d5 4. Nbd2 c5 5. c3 Nc6 6. e3 cxd4 7. exd4 Ne7 8. h3
Ng6 9. Bh2 Be7 10. Bd3 O-O 11. O-O Ne8 12. Re1 Nd6 13. Ne5 Nxe5 14. dxe5 Ne8
15. Qh5 g6 16. Qf3 Bd7 17. Qg4 Ng7 18. Bf4 Qb6 19. Rab1 Nf5 20. Bxf5 exf5 21.
Qd1 Bc5 22. Be3 d4 23. cxd4 Bxd4 24. Nc4 Qc5 25. Qxd4 Qxd4 26. Bxd4 Be6 27. b3
Rfd8 28. Rbd1 Bxc4 29. bxc4 b6 30. c5 b5 31. Be3 Re8 32. f4 Re6 33. Rd6 Rae8
34. Bf2 R6e7 35. Red1 g5 36. g3 gxf4 37. gxf4 Re6 38. Rb1 Rb8 39. c6 1-0

[Event "Kieler Open 2016-B"]
[Site "Kiel"]
[Date "2016.08.01"]
[Round "5.15"]
[White "Neumann, Oskar"]
[Black "Korte, Andreas"]
[Result "1-0"]
[WhiteElo "1640"]
[BlackElo "1554"]
[PlyCount "135"]

1. e4 e5 2. Nf3 d6 3. d4 exd4 4. Nxd4 Nf6 5. Nc3 c6 6. f3 Be7 7. Be3 O-O 8. Qd2
d5 9. exd5 Nxd5 10. Nxd5 cxd5 11. O-O-O Nc6 12. Ne2 Bf6 13. Qxd5 Qxd5 14. Rxd5
Be6 15. Rd1 Rfc8 16. a3 Rc7 17. Nd4 Nxd4 18. Bxd4 Bb3 19. Bc3 Bxc3 20. bxc3 Be6
21. Rd3 Rac8 22. Kb2 Rc6 23. Re3 Rb6+ 24. Ka1 Rbc6 25. Kb2 Rb6+ 26. Kc1 Rbc6
27. Kd2 Rc5 28. Bd3 g6 29. Be4 b6 30. f4 R8c7 31. h3 Rc4 32. g4 Rd7+ 33. Kc1
Rdc7 34. Kb2 R7c5 35. f5 Rb5+ 36. Kc1 Re5 37. fxe6 Rcxe4 38. exf7+ Kxf7 39.
Rxe4 Rxe4 40. Rf1+ Kg7 41. Rf3 Ra4 42. Kb2 b5 43. Kb3 h6 44. Rd3 Kf6 45. Rd4
Ra6 46. Rd5 Rb6 47. Kb4 a6 48. Kc5 Rb8 49. Rd6+ Kg5 50. Rxa6 h5 51. gxh5 gxh5
52. a4 bxa4 53. Rxa4 Rc8+ 54. Kd4 Kh4 55. c4 Rd8+ 56. Ke3 Kxh3 57. c5 Re8+ 58.
Kf3 Rf8+ 59. Rf4 Rc8 60. Rf5 h4 61. Kf2 Kh2 62. Rf4 h3 63. Rf5 Rc7 64. c3 Rc8
65. Rg5 Rf8+ 66. Ke3 Rc8 67. Kd4 Rd8+ 68. Kc4 {Rest der Partie unklar} 1-0

[Event "Kieler Open 2016-B"]
[Site "Kiel"]
[Date "2016.08.01"]
[Round "5.16"]
[White "Prasobhu, Pramod Kumar"]
[Black "Dambrowski, Ralf"]
[Result "1/2-1/2"]
[WhiteElo "1703"]
[BlackElo "1476"]
[PlyCount "80"]

1. e4 e6 2. d4 d5 3. Nc3 Bb4 4. Bd3 Nc6 5. Nf3 Nge7 6. O-O dxe4 7. Nxe4 O-O 8.
c3 Ba5 9. Nfg5 Ng6 10. Qh5 h6 11. Nxf7 Rxf7 12. Qxg6 Ne7 13. Qg3 Nf5 14. Qe5 c6
15. Ng3 Bc7 16. Qe4 Qf6 17. Bd2 e5 18. Bc4 Be6 19. Bxe6 Qxe6 20. dxe5 Nxg3 21.
hxg3 Qxe5 22. Qxe5 Bxe5 23. Rfe1 Bc7 24. Re2 Bb6 25. Be3 Re8 26. Rae1 Rfe7 27.
Kf1 Bxe3 28. Rxe3 Rxe3 29. Rxe3 Rxe3 30. fxe3 g5 31. g4 Kf7 32. Ke2 Ke6 33. Kd3
Ke5 34. c4 c5 35. a3 b6 36. b3 a6 37. a4 a5 38. g3 Kd6 39. Ke4 Ke6 40. Kf3 Kd6
1/2-1/2

[Event "Kieler Open 2016-B"]
[Site "Kiel"]
[Date "2016.08.01"]
[Round "5.17"]
[White "Howe, Dietrich"]
[Black "Salwasser, Christian"]
[Result "0-1"]
[WhiteElo "1560"]
[BlackElo "1671"]
[PlyCount "56"]

1. d4 d5 2. e4 dxe4 3. Nc3 Nc6 4. d5 Ne5 5. Nxe4 e6 6. Nc3 Bb4 7. Qd4 Bxc3+ 8.
Qxc3 f6 9. f4 Ng6 10. Bd3 N8e7 11. dxe6 Bxe6 12. Be4 Bd5 13. Qd3 f5 14. Bxd5
Qxd5 15. Qe2 O-O-O 16. Nf3 Qd6 17. O-O Rhe8 18. Be3 Nxf4 19. Bxf4 Qxf4 20. Qe6+
Kb8 21. Ne5 Qd4+ 22. Kh1 Ng6 23. Nc6+ bxc6 24. Qxc6 Qd5 25. Qa4 Re4 26. b4 Re2
27. Rg1 Nf4 28. c4 Nh3 0-1

[Event "Kieler Open 2016-B"]
[Site "Kiel"]
[Date "2016.08.01"]
[Round "5.18"]
[White "Schumacher, Horst"]
[Black "Engel, Peter"]
[Result "1/2-1/2"]
[WhiteElo "1782"]
[BlackElo "1450"]
[PlyCount "45"]

1. e4 e5 2. Nf3 Nc6 3. Bc4 Nf6 4. O-O Be7 5. Re1 O-O 6. d4 d6 7. h3 Bd7 8. d5
Na5 9. Bd3 b6 10. b4 Nb7 11. c4 c6 12. Nc3 a5 13. dxc6 Bxc6 14. b5 Bd7 15. Be3
Qc8 16. Kh2 Nc5 17. Bxc5 dxc5 18. a4 Qb7 19. Nd5 Be6 20. Nxe7+ Qxe7 21. Qc2
Rad8 22. Rad1 Qc7 23. Be2 1/2-1/2

[Event "Kieler Open 2016-B"]
[Site "Kiel"]
[Date "2016.08.01"]
[Round "5.19"]
[White "Dao, Jörg"]
[Black "Günther, Emil"]
[Result "1-0"]
[WhiteElo "1460"]
[BlackElo "1282"]
[PlyCount "143"]

1. h4 d5 2. d4 Nc6 3. c3 e5 4. Be3 g6 5. f3 Be7 6. Bf2 f5 7. g3 e4 8. f4 Nh6 9.
Bh3 Be6 10. e3 Nf7 11. b4 Nd6 12. Bf1 a5 13. b5 Nb8 14. a4 c6 15. Qb3 Qd7 16.
Na3 O-O 17. Rc1 Rc8 18. Kd1 c5 19. Ne2 c4 20. Qa2 Qe8 21. Rb1 Nd7 22. Nc1 Nb6
23. Nc2 Nf7 24. Be2 Nh6 25. Ne1 Bd8 26. Ng2 Nd7 27. Qd2 Nf6 28. Kc2 Nhg4 29.
Bg1 Nh5 30. Qe1 Be7 31. Ra1 Qf8 32. Kb2 Qe8 33. Ka2 Nhf6 34. Qd1 Nd7 35. Bxg4
fxg4 36. Rb1 Bf8 37. Bf2 Bf5 38. Qg1 Qe7 39. Ka1 Qa3+ 40. Na2 Nb6 41. Qc1 Qxc1
42. Nxc1 Nxa4 43. Ne2 Nb6 44. h5 Be7 45. hxg6 Bxg6 46. Nh4 Bxh4 47. Rxh4 h5 48.
f5 Bf7 49. Nf4 Kg7 50. Nxh5+ Bxh5 51. Rxh5 Rh8 52. Rg5+ Kf6 53. Rg6+ Kxf5 54.
Rxb6 Ra7 55. Rd6 a4 56. Rxd5+ Ke6 57. Re5+ Kd6 58. Rxe4 a3 59. Ka2 Rh2 60. Rf1
Rh5 61. Rb1 Rh2 62. Rf4 Rg2 63. e4 Ra8 64. Rf6+ Ke7 65. e5 Rh8 66. Kxa3 Rhh2
67. Rb2 b6 68. Kb4 Rxg3 69. Kxc4 Rgg2 70. Kd5 Rh3 71. Re6+ Kd8 72. Bh4+ 1-0

[Event "Kieler Open 2016-B"]
[Site "Kiel"]
[Date "2016.08.01"]
[Round "5.20"]
[White "Keir, Robin"]
[Black "Weck, Uwe"]
[Result "1/2-1/2"]
[WhiteElo "1361"]
[BlackElo "1663"]
[PlyCount "102"]

1. d4 Nf6 2. Nf3 e6 3. e3 Nc6 4. c3 d5 5. Nbd2 Bd6 6. Bd3 O-O 7. O-O Re8 8. e4
dxe4 9. Nxe4 Nxe4 10. Bxe4 Bd7 11. Re1 h6 12. Qc2 f5 13. Bd3 Ne7 14. Ne5 Bxe5
15. dxe5 Rc8 16. Be3 c5 17. Qb3 b6 18. Rad1 Qc7 19. Bc4 Ng6 20. Rd6 Kf7 21.
Red1 Rcd8 22. f4 Bc8 23. Qc2 Rxd6 24. Qxf5+ Kg8 25. exd6 Qf7 26. Qxf7+ Kxf7 27.
d7 Rd8 28. f5 Nf8 29. fxe6+ Nxe6 30. dxc8=Q Rxc8 31. Rd7+ Kf6 32. Bxe6 Kxe6 33.
Rxg7 Rd8 34. Kf2 a5 35. a4 Rf8+ 36. Kg3 h5 37. Kh4 Rf5 38. Rg5 Rf1 39. Kxh5 Rb1
40. b4 axb4 41. cxb4 Rxb4 42. a5 Re4 43. axb6 Rxe3 44. Rxc5 Rb3 45. Kg5 Rxb6
46. Rf5 Rb2 47. g4 Rxh2 48. Rf6+ Ke7 49. Kg6 Rg2 50. g5 Rg3 51. Rf5 Ke6 1/2-1/2

[Event "Kieler Open 2016-B"]
[Site "Kiel"]
[Date "2016.08.01"]
[Round "5.21"]
[White "Rulfs, Ernst-August"]
[Black "Mock, Gabriel"]
[Result "0-1"]
[WhiteElo "1574"]
[BlackElo "1444"]
[PlyCount "92"]

1. c4 e5 2. Nc3 Nf6 3. g3 d5 4. cxd5 Nxd5 5. Bg2 Be6 6. e4 Nxc3 7. bxc3 Nc6 8.
Ne2 Bc5 9. O-O Qd7 10. Re1 Bh3 11. Bh1 O-O-O 12. Rb1 h5 13. Qb3 Bb6 14. c4 Be6
15. Rd1 Nd4 16. Nxd4 Qxd4 17. Rf1 Bxc4 18. Bb2 Qc5 19. d4 exd4 20. Rfc1 Bxb3
21. Rxc5 Bxa2 22. Rbc1 Bxc5 23. Rxc5 f6 24. Ra5 Be6 25. Rxa7 Kb8 26. Ra1 d3 27.
Kf1 Rhe8 28. Rd1 Bb3 29. Rd2 Re6 30. e5 Bd5 31. f3 fxe5 32. Kf2 Bc6 33. Ke3
Red6 34. Bg2 g5 35. Bf1 Rf6 36. Bg2 g4 37. Bxe5 Re6 38. f4 Bxg2 39. Rxg2 Ka7
40. Rd2 b5 41. Rxd3 Rxd3+ 42. Kxd3 c5 43. Kc3 Ka6 44. Kb3 Kb6 45. Kc3 Kc6 46.
Kb3 Rxe5 0-1

[Event "Kieler Open 2016-B"]
[Site "Kiel"]
[Date "2016.08.01"]
[Round "5.22"]
[White "Müller, Richard"]
[Black "Bunke, Mike"]
[Result "0-1"]
[WhiteElo "1500"]
[BlackElo "1683"]
[PlyCount "62"]

1. e4 c5 2. Nf3 Nc6 3. d4 cxd4 4. Nxd4 g6 5. Nc3 Bg7 6. Nb3 d6 7. Bd3 Nf6 8.
Bf4 O-O 9. O-O Be6 10. Bg3 Nh5 11. Bh4 Nf6 12. f4 Bd7 13. Qe2 a6 14. a4 Nb4 15.
Bc4 Kh8 16. e5 Ne8 17. exd6 Qb6+ 18. Kh1 Nxd6 19. Nd5 Nxd5 20. Bxd5 e6 21. Bf3
Qc7 22. Rfd1 Nf5 23. Bg3 Nxg3+ 24. hxg3 Bxb2 25. Rab1 Bg7 26. Qf2 Bc6 27. Qc5
Rac8 28. Na5 Bxf3 29. Qxc7 Bxg2+ 30. Kxg2 Rxc7 31. Nxb7 Rxc2+ 0-1

[Event "Kieler Open 2016-B"]
[Site "Kiel"]
[Date "2016.08.02"]
[Round "6.1"]
[White "Basey, Matthew"]
[Black "Aksüt, Önder"]
[Result "1/2-1/2"]
[WhiteElo "1500"]
[BlackElo "1653"]
[Annotator "Kornrumpf"]
[PlyCount "40"]

1. d4 c5 2. e3 cxd4 3. exd4 g6 4. c3 Nf6 5. Nf3 Bg7 6. Be2 O-O 7. O-O d5 8. Ne5
Nc6 9. Nxc6 bxc6 10. Re1 Re8 11. Bf4 Qb6 12. Qb3 Bf5 13. Nd2 Ne4 14. g4 Nxd2
15. Qxb6 axb6 16. gxf5 Ne4 17. fxg6 hxg6 18. Bd3 f5 19. f3 Nd6 20. Re6 Kf7
1/2-1/2

[Event "Kieler Open 2016-B"]
[Site "Kiel"]
[Date "2016.08.02"]
[Round "6.2"]
[White "Zechel, Rolf-Rüdiger"]
[Black "Eberhardt, Michael"]
[Result "1/2-1/2"]
[WhiteElo "1654"]
[BlackElo "1786"]
[PlyCount "43"]

1. d4 Nf6 2. c4 e6 3. Nf3 b6 4. g3 Bb7 5. Bg2 g6 6. O-O Bg7 7. Nc3 Ne4 8. Qc2
Nxc3 9. Qxc3 c5 10. e3 O-O 11. b3 Qf6 12. Ne5 Bxg2 13. Kxg2 d6 14. Nf3 Nc6 15.
Bb2 Rfd8 16. Rab1 Qe7 17. Qd2 d5 18. Rfd1 dxc4 19. bxc4 Na5 20. Qe2 Rac8 21. d5
Bxb2 22. Rxb2 1/2-1/2

[Event "Kieler Open 2016-B"]
[Site "Kiel"]
[Date "2016.08.02"]
[Round "6.3"]
[White "Kathage, Holger"]
[Black "Plichta, Hans-Reiner"]
[Result "0-1"]
[WhiteElo "1740"]
[BlackElo "1793"]
[PlyCount "62"]

1. d4 Nf6 2. Nf3 g6 3. c4 Bg7 4. Nc3 d5 5. e3 O-O 6. Be2 c5 7. O-O cxd4 8. Nxd4
a6 9. cxd5 Nxd5 10. Nxd5 Qxd5 11. Bf3 Qd6 12. Qb3 e5 13. Bxb7 Ra7 14. Bxc8 Rxc8
15. Nf3 Rd7 16. e4 Nc6 17. Bd2 Rb8 18. Qd1 Rbd8 19. Qa4 Nd4 20. Bb4 Nxf3+ 21.
gxf3 Qf6 22. Ba5 Rd4 23. Bxd8 Qxf3 24. Qe8+ Bf8 25. Bh4 Rxe4 26. Bg3 h5 27.
Rac1 h4 28. Rc3 Qh5 29. Rc7 g5 30. Re7 Kg7 31. Rxe5 Rxe5 0-1

[Event "Kieler Open 2016-B"]
[Site "Kiel"]
[Date "2016.08.02"]
[Round "6.5"]
[White "Mardini, Mohamed"]
[Black "Oltmanns, Marc"]
[Result "0-1"]
[WhiteElo "1638"]
[BlackElo "1496"]
[PlyCount "90"]

1. e4 Nf6 2. e5 Nd5 3. c4 Nb6 4. d4 d6 5. f4 dxe5 6. fxe5 Nc6 7. Be3 Bf5 8. a3
e6 9. Nf3 Be7 10. Nc3 O-O 11. Qd2 Na5 12. Rd1 Naxc4 13. Qf2 Nxe3 14. Qxe3 Nd5
15. Qf2 Nxc3 16. bxc3 Bxa3 17. g4 Bxg4 18. Rg1 Bxf3 19. Qxf3 Qh4+ 20. Rg3 c6
21. Kd2 Be7 22. Rh3 Qg5+ 23. Kc2 Qf5+ 24. Bd3 Qxf3 25. Rxf3 g6 26. h4 Bxh4 27.
Rh1 Be7 28. Rfh3 h5 29. Rg1 Kh8 30. Bxg6 fxg6 31. Rxg6 h4 32. Rh1 Kh7 33. Rxe6
Rf7 34. c4 Rg8 35. d5 cxd5 36. cxd5 Rg6 37. Rxg6 Kxg6 38. Kd3 Rf4 39. d6 Bg5
40. e6 Rf6 41. Re1 Kf5 42. e7 Rxd6+ 43. Kc4 Bxe7 44. Rxe7 Rh6 45. Rxb7 h3 0-1

[Event "Kieler Open 2016-B"]
[Site "Kiel"]
[Date "2016.08.02"]
[Round "6.6"]
[White "Zielke, Bernd"]
[Black "Schwerdt, Alwin Elias"]
[Result "1-0"]
[WhiteElo "1705"]
[BlackElo "1454"]
[PlyCount "143"]

1. b4 e5 2. Bb2 Bxb4 3. Bxe5 Nf6 4. e3 Nc6 5. Bb2 a6 6. Nf3 O-O 7. Be2 d6 8.
O-O Re8 9. d3 Qe7 10. Nbd2 Nd5 11. Re1 Bc3 12. Qc1 Rb8 13. Bxc3 Nxc3 14. Qa3
Nxe2+ 15. Rxe2 Bg4 16. h3 Bxf3 17. Nxf3 Ne5 18. Nxe5 Qxe5 19. d4 Qf6 20. Rd1 h6
21. c4 Qe7 22. Rb2 c6 23. Rdb1 Qc7 24. Rb6 Re7 25. Qb3 a5 26. a4 Qc8 27. d5
cxd5 28. cxd5 Qc5 29. Qb5 Rc7 30. Qxc5 dxc5 31. R6b5 Rd8 32. e4 c4 33. Rxb7
Rdc8 34. Rxc7 Rxc7 35. Rc1 c3 36. Rc2 Kf8 37. Kf1 Rc4 38. f3 Rxa4 39. Rxc3 Ra1+
40. Kf2 Ra2+ 41. Kg3 Ke7 42. h4 a4 43. h5 Ra1 44. Kg4 a3 45. g3 a2 46. Ra3 g6
47. hxg6 fxg6 48. Kf4 Kf6 49. e5+ Kf7 50. Ra7+ Kf8 51. d6 g5+ 52. Kg4 h5+ 53.
Kxg5 h4 54. e6 Rd1 55. Rxa2 Rxd6 56. Kxh4 Rxe6 57. Ra7 Rg6 58. f4 Rf6 59. Kg5
Re6 60. g4 Rd6 61. f5 Rc6 62. f6 Rc4 63. Kf5 Rc3 64. Kg6 Rc8 65. Rh7 Kg8 66.
f7+ Kf8 67. Rh8+ Ke7 68. Rxc8 Kd7 69. f8=Q Ke6 70. Rc6+ Kd7 71. Qd6+ Ke8 72.
Rc8# 1-0

[Event "Kieler Open 2016-B"]
[Site "Kiel"]
[Date "2016.08.02"]
[Round "6.7"]
[White "Beyer, Mirko"]
[Black "Koch, Ralf-Johannes"]
[Result "1/2-1/2"]
[WhiteElo "1397"]
[BlackElo "1749"]
[PlyCount "103"]

1. e4 d6 2. d4 Nf6 3. Nc3 g6 4. Nf3 Bg7 5. h3 O-O 6. Bd3 c6 7. Be3 Qc7 8. O-O
Nbd7 9. Ne2 e5 10. c3 Re8 11. Qc2 b6 12. dxe5 dxe5 13. Ng3 c5 14. c4 Nf8 15.
Rfe1 Ne6 16. Rad1 Bb7 17. Ng5 Nd4 18. Bxd4 exd4 19. Re2 Nd7 20. Nf3 Ne5 21.
Nxe5 Bxe5 22. Nf1 Qe7 23. g3 g5 24. Qd2 Kh8 25. f3 Rg8 26. g4 Qf6 27. Kg2 Rg6
28. Ng3 Bxg3 29. Kxg3 Qe5+ 30. Kg2 Kg7 31. Rh1 h5 32. Qe1 Rh8 33. Qg3 Qxg3+ 34.
Kxg3 hxg4 35. fxg4 Re6 36. Rf1 Rf6 37. Rxf6 Kxf6 38. Rf2+ Ke7 39. a4 Rh6 40. b3
Bc8 41. Rf1 Bd7 42. Rh1 Ke6 43. h4 gxh4+ 44. Rxh4 Rxh4 45. Kxh4 Ke5 46. Kg3 f6
47. Kf3 Bc6 48. Bc2 a6 49. Bd3 Bd7 50. Kg3 Be6 51. Kf3 Bd7 52. Kg3 1/2-1/2

[Event "Kieler Open 2016-B"]
[Site "Kiel"]
[Date "2016.08.02"]
[Round "6.8"]
[White "Bahr, Arne"]
[Black "Gerigk, Daniel"]
[Result "1-0"]
[WhiteElo "1695"]
[BlackElo "1444"]
[PlyCount "71"]

1. f4 Nf6 2. b3 g6 3. Bb2 Bg7 4. e3 d6 5. Nf3 O-O 6. Be2 c5 7. O-O Nc6 8. Qc1
e5 9. fxe5 Ng4 10. exd6 Nf6 11. Na3 a6 12. Nc4 b5 13. Nce5 Qxd6 14. Nxc6 Qxc6
15. a4 Rb8 16. axb5 axb5 17. Be5 Rb6 18. Qb2 Re8 19. Ra7 Bb7 20. Ne1 Bc8 21.
Rc7 Qe6 22. Nf3 Bb7 23. Rxc5 Bd5 24. Rxb5 Bxf3 25. Rxb6 Qxb6 26. Rxf3 Re6 27.
Bc4 Rc6 28. Bd4 Qd8 29. Rf1 Qe7 30. Ra1 h6 31. Ra7 Qd6 32. Rxf7 Rxc4 33. Rxg7+
Kxg7 34. Bxf6+ Kf7 35. bxc4 Qxd2 36. Qc3 1-0

[Event "Kieler Open 2016-B"]
[Site "Kiel"]
[Date "2016.08.02"]
[Round "6.10"]
[White "Turp, Hüseyin"]
[Black "Hogreve, Holger"]
[Result "1-0"]
[WhiteElo "1621"]
[BlackElo "1501"]
[PlyCount "120"]

1. d4 d5 2. c4 e6 3. a3 Nf6 4. Nc3 c6 5. Bg5 Nbd7 6. e3 Be7 7. Bd3 h6 8. Bf4 a6
9. h3 b5 10. c5 Bb7 11. Nf3 Qc8 12. Ne5 Bd8 13. Bh2 Bc7 14. f4 a5 15. O-O b4
16. Ne2 Ba6 17. Bb1 Qb7 18. a4 Bxe2 19. Qxe2 Qa6 20. Bd3 Qb7 21. b3 O-O 22.
Rac1 Rad8 23. Bb1 Bb8 24. h4 Rde8 25. Qf3 Re7 26. g4 Nxe5 27. fxe5 Ne4 28. Bxe4
dxe4 29. Qxe4 Qa6 30. Rf2 f6 31. Rcf1 Ref7 32. Qg6 Qb7 33. g5 hxg5 34. hxg5
fxg5 35. Qxe6 Ba7 36. Rf5 g4 37. R1f4 Bb8 38. Rxg4 Qd7 39. Qxd7 Rxd7 40. Rgf4
Rdf7 41. Rxf7 Rxf7 42. Kf2 Bc7 43. Kf3 Bd8 44. Ke4 Bh4 45. e6 Re7 46. Rxh4
Rxe6+ 47. Kd3 Rg6 48. Bc7 Rg1 49. Bxa5 Rb1 50. Kc4 Re1 51. Rh3 Re2 52. Kxb4 g6
53. Bc7 Kf7 54. a5 Ra2 55. Rf3+ Ke6 56. Be5 Kd5 57. Rf6 g5 58. Rd6+ Ke4 59.
Rxc6 Kxe3 60. Rg6 Rg2 1-0

[Event "Kieler Open 2016-B"]
[Site "Kiel"]
[Date "2016.08.02"]
[Round "6.11"]
[White "Farokhi, Keyvan"]
[Black "Teichmann, Axel"]
[Result "1-0"]
[WhiteElo "1575"]
[BlackElo "1823"]
[PlyCount "111"]

1. e4 e5 2. Nf3 Nc6 3. Bc4 d6 4. d4 exd4 5. Nxd4 Nxd4 6. Qxd4 Qf6 7. Qd3 Be6 8.
Nc3 O-O-O 9. Be3 Bxc4 10. Qxc4 Qe6 11. Nd5 Qd7 12. Bxa7 Qc6 13. Qxc6 bxc6 14.
Nc3 d5 15. Bd4 dxe4 16. O-O-O c5 17. Be5 f6 18. Bg3 f5 19. Rxd8+ Kxd8 20. Rd1+
Ke8 21. Nb5 c6 22. Nd6+ Bxd6 23. Rxd6 Ne7 24. Re6 Kd7 25. Re5 g5 26. h3 Ra8 27.
a3 c4 28. f3 f4 29. Be1 exf3 30. gxf3 h6 31. Bb4 Nd5 32. Bc5 Ra5 33. Bf8 Rb5
34. Bxh6 c3 35. bxc3 Nxc3 36. Rxb5 Nxb5 37. Kb2 Ke6 38. Bg7 Nd6 39. a4 c5 40.
Kb3 Nf5 41. Bc3 Nh4 42. Kc4 Kd6 43. Kb5 Nxf3 44. Kb6 Nd4 45. a5 f3 46. Be1 Nxc2
47. Bg3+ Kd5 48. a6 Na3 49. a7 Nc4+ 50. Ka6 Ne5 51. a8=Q+ Nc6 52. Qg8+ Kd4 53.
Qxg5 Kc4 54. Qf4+ Nd4 55. Bf2 Kd3 56. Bxd4 1-0

[Event "Kieler Open 2016-B"]
[Site "Kiel"]
[Date "2016.08.02"]
[Round "6.12"]
[White "Hoppe, Marc"]
[Black "Neumann, Oskar"]
[Result "1-0"]
[WhiteElo "1381"]
[BlackElo "1640"]
[PlyCount "57"]

1. d4 d5 2. Bf4 Nf6 3. Nf3 e6 4. e3 c5 5. c4 Be7 6. Be2 O-O 7. O-O Qb6 8. Qd2
Nc6 9. Nc3 Rd8 10. Na4 Qc7 11. Bxc7 Ne4 12. Qd1 Rd7 13. Bf4 f5 14. Nxc5 Nxc5
15. dxc5 Bxc5 16. Ne5 Nxe5 17. Bxe5 dxc4 18. Qc2 b5 19. Rfd1 Re7 20. Bd6 Bxd6
21. Rxd6 Kf7 22. Rad1 Rc7 23. e4 a5 24. exf5 exf5 25. b3 c3 26. Bxb5 Raa7 27.
Bc4+ Ke8 28. Qe2+ Re7 29. Rd8# 1-0

[Event "Kieler Open 2016-B"]
[Site "Kiel"]
[Date "2016.08.02"]
[Round "6.13"]
[White "Salwasser, Christian"]
[Black "Dao, Jörg"]
[Result "1-0"]
[WhiteElo "1671"]
[BlackElo "1460"]
[PlyCount "61"]

1. e4 e5 2. Nf3 Qf6 3. d4 d6 4. Bg5 Qg6 5. dxe5 Qxe4+ 6. Be2 h6 7. Nc3 Qb4 8.
Bc1 g5 9. a3 Qg4 10. O-O Qd7 11. exd6 Bxd6 12. Qd4 f6 13. Nd5 Kf7 14. Bc4 Kg7
15. b4 c6 16. Ne3 Ne7 17. Bb2 Rf8 18. Rad1 Nf5 19. Nxf5+ Qxf5 20. Qxd6 Nd7 21.
Be6 Qxc2 22. Qe7+ Kh8 23. Bxd7 Bxd7 24. Rxd7 Qg6 25. Ne5 Qg8 26. Ng4 Qg6 27.
Bxf6+ Kg8 28. Qg7+ Qxg7 29. Rxg7+ Kh8 30. Rf7+ Kg8 31. Nxh6# 1-0

[Event "Kieler Open 2016-B"]
[Site "Kiel"]
[Date "2016.08.02"]
[Round "6.14"]
[White "Mock, Gabriel"]
[Black "Prasobhu, Pramod Kumar"]
[Result "0-1"]
[WhiteElo "1444"]
[BlackElo "1703"]
[PlyCount "46"]

1. e4 e5 2. Nf3 Nc6 3. Bc4 Bc5 4. c3 Nf6 5. d4 exd4 6. cxd4 Bb4+ 7. Nc3 Bxc3+
8. bxc3 Nxe4 9. Ba3 d6 10. Qe2 O-O 11. O-O Nf6 12. Bc1 d5 13. Bd3 Re8 14. Qc2
h6 15. Bf4 Nh5 16. Bg3 Nxg3 17. fxg3 Qd6 18. Nh4 Rf8 19. Bh7+ Kh8 20. Rxf7 Rxf7
21. Ng6+ Kxh7 22. Ne7+ Bf5 23. Nxf5 Qg6 0-1

[Event "Kieler Open 2016-B"]
[Site "Kiel"]
[Date "2016.08.02"]
[Round "6.16"]
[White "Engel, Peter"]
[Black "Sowa, Kay"]
[Result "0-1"]
[WhiteElo "1450"]
[BlackElo "1653"]
[PlyCount "47"]

1. e4 c5 2. Nf3 Nc6 3. d4 cxd4 4. Nxd4 g6 5. Nc3 Bg7 6. Be3 d6 7. Be2 Nf6 8. h3
O-O 9. Qd2 Bd7 10. O-O Rc8 11. Rad1 Ne5 12. f3 a6 13. b3 Nc6 14. f4 Qc7 15. Rc1
Nxd4 16. Bc4 Nc6 17. a4 Na5 18. Nd5 Nxd5 19. Bxd5 e6 20. Qb4 exd5 21. Bb6 Nc6
22. exd5 Nxb4 23. Bxc7 Rxc7 24. c4 0-1

[Event "Kieler Open 2016-B"]
[Site "Kiel"]
[Date "2016.08.02"]
[Round "6.17"]
[White "Behrendt, Matthias"]
[Black "Hartendauer, Frank"]
[Result "1-0"]
[WhiteElo "1638"]
[BlackElo "1710"]
[PlyCount "81"]

1. d4 d5 2. c4 e6 3. Nf3 Nf6 4. g3 c6 5. cxd5 exd5 6. Bg2 Be7 7. Bf4 O-O 8. Nc3
Bf5 9. Nh4 Be6 10. Rc1 Nbd7 11. O-O Rc8 12. Nf3 c5 13. Re1 c4 14. Ng5 Nb6 15.
Nxe6 fxe6 16. e4 Qe8 17. exd5 Nbxd5 18. Be5 Nxc3 19. bxc3 b5 20. Bh3 Kh8 21.
Bxe6 Rd8 22. d5 a6 23. Bc7 Ba3 24. Bxd8 Qxd8 25. Rc2 a5 26. Qd4 Be7 27. Rd2 Ne8
28. Qa7 Bf6 29. Rc2 g6 30. Qd7 Qb6 31. Qc6 Qa7 32. Bd7 Ng7 33. Qd6 Qa8 34. Qc6
Qb8 35. Qxb5 Qd8 36. Be6 Re8 37. Qxc4 Nxe6 38. dxe6 Re7 39. Rce2 Rc7 40. Qf4
Be7 41. Rd2 1-0

[Event "Kieler Open 2016-B"]
[Site "Kiel"]
[Date "2016.08.02"]
[Round "6.18"]
[White "Weck, Uwe"]
[Black "Dambrowski, Ralf"]
[Result "0-1"]
[WhiteElo "1663"]
[BlackElo "1476"]
[PlyCount "68"]

1. e4 c5 2. Nf3 Nc6 3. d4 cxd4 4. Nxd4 e5 5. Nf3 d6 6. Bb5 Nf6 7. Nc3 a6 8. Ba4
h6 9. Bb3 Bg4 10. O-O Nd4 11. Bc4 Nxf3+ 12. gxf3 Bh3 13. Re1 Rc8 14. Bf1 Qd7
15. Ne2 Bxf1 16. Rxf1 Be7 17. c3 O-O 18. Ng3 d5 19. Kh1 Rfd8 20. Be3 dxe4 21.
Qxd7 Rxd7 22. fxe4 Rcd8 23. Rg1 Ng4 24. Bb6 Rc8 25. h3 Nxf2+ 26. Bxf2 Rd2 27.
Nf5 Bf6 28. Nxh6+ Kh7 29. Ng4 Rxb2 30. Be1 Rc4 31. Nxf6+ gxf6 32. Rg4 Re2 33.
Bh4 Rxc3 34. Rag1 Rxh3# 0-1

[Event "Kieler Open 2016-B"]
[Site "Kiel"]
[Date "2016.08.02"]
[Round "6.19"]
[White "Korte, Andreas"]
[Black "Spreu, Jörg"]
[Result "1/2-1/2"]
[WhiteElo "1554"]
[BlackElo "1420"]
[PlyCount "100"]

1. c4 Nf6 2. g3 e6 3. Bg2 d5 4. d3 dxc4 5. Qa4+ Bd7 6. Qxc4 Nc6 7. Bd2 Rb8 8.
Nf3 Bd6 9. O-O O-O 10. Ng5 Ne5 11. Qc1 c5 12. f4 Nc6 13. Bc3 Nd5 14. e4 Nxc3
15. Nxc3 Nd4 16. e5 Be7 17. Be4 g6 18. h4 h5 19. Qd1 Kg7 20. Rf2 Bc6 21. Rh2
Rh8 22. Rc1 Bxg5 23. fxg5 Bxe4 24. Nxe4 b6 25. Nf6 Nc6 26. Qe2 Qd4+ 27. Kf1
Nxe5 28. Qe4 Qxd3+ 29. Qxd3 Nxd3 30. Rd1 Ne5 31. Rhd2 Nc6 32. Rd6 Nd4 33. b4
Rhd8 34. bxc5 bxc5 35. Ra6 Ra8 36. Ne4 c4 37. Rc1 Rdc8 38. Nd6 Rc7 39. Rxc4
Rxc4 40. Nxc4 Rc8 41. Nd6 Rc6 42. Rxc6 Nxc6 43. Ke2 Kf8 44. Kd2 Ke7 45. Nc4 e5
46. a3 f6 47. gxf6+ Kxf6 48. Nd6 g5 49. Ne4+ Kf5 50. Nxg5 {(=)} Kg4 1/2-1/2